UM Logo

The special education: (Record no. 2322)

MARC details
000 -LEADER
fixed length control field 00564nam a22001697a 4500
008 - FIXED-LENGTH DATA ELEMENTS--GENERAL INFORMATION
fixed length control field 160505b xxu||||| |||| 00| 0 eng d
020 ## - INTERNATIONAL STANDARD BOOK NUMBER
International Standard Book Number 978-1-4415-0696-2
082 ## - DEWEY DECIMAL CLASSIFICATION NUMBER
Edition number 2009
Classification number DFil 371.9
Item number Y25
100 ## - MAIN ENTRY--PERSONAL NAME
9 (RLIN) 7609
Personal name Ybañes, Victor A.
245 ## - TITLE STATEMENT
Title The special education:
Remainder of title legal terms, words, phrases & what they men/
Statement of responsibility, etc. Victor A. Ybañes.
260 ## - PUBLICATION, DISTRIBUTION, ETC. (IMPRINT)
Place of publication, distribution, etc. USA:
Name of publisher, distributor, etc. Xlibris,
Date of publication, distribution, etc. c2009.
300 ## - PHYSICAL DESCRIPTION
Extent xviii, 512 pages;
Dimensions 23 cm.
500 ## - GENERAL NOTE
General note Includes bibliographical references.
650 #0 - SUBJECT ADDED ENTRY--TOPICAL TERM
9 (RLIN) 7610
Topical term or geographic name as entry element Speech problems.
650 #0 - SUBJECT ADDED ENTRY--TOPICAL TERM
9 (RLIN) 7611
Topical term or geographic name as entry element Special education.
942 ## - ADDED ENTRY ELEMENTS (KOHA)
Source of classification or shelving scheme Dewey Decimal Classification
Koha item type Filipiniana
Holdings
Withdrawn status Lost status Source of classification or shelving scheme Damaged status Not for loan Collection code Home library Current library Shelving location Date acquired Source of acquisition Total Checkouts Full call number Barcode Date last seen Date last checked out Cost, replacement price Price effective from Koha item type
    Dewey Decimal Classification     Filipiniana UM Digos College - LIC UM Digos College - LIC Book Cart 09/24/2010 Purchased 4 DFil 371.9 Y25 2009 21145 05/15/2025 08/06/2019 3628.49 05/05/2016 Filipiniana